Dear Evan Hansen Characters - Statistics

General Stats
  • This quiz has been taken 993 times
  • The average score is 6 of 8
Answer Stats
Hint Character % Correct
Title Character Evan Hansen
100%
Commits Suicide Connor Murphy
97%
Thinks Brother Was A Monster Zoe Murphy
90%
Wants To Be Included And Is Insanely Cool Jared Kleinman
84%
Doesn't Have Friends, Just Acquaintances Alana Beck
73%
Won't Have A Truck Waiting In The Driveway Heidi Hansen
70%
Knows How To Break In A Baseball Glove Larry Murphy
68%
Sees Son's Light Cynthia Murphy
66%
No matching quizzes found
Score Distribution
Percent of People with Each Score
Percentile by Number Answered
Your Score History
You have not taken this quiz